| 000 | 00000nam##2200000za#4500 |
| 001 | 9.676777 |
| 003 | CaOODSP |
| 005 | 20220125145842 |
| 007 | cr ||||||||||| |
| 008 | 150407|2009||||xxc|||||o f|0| 0 eng|d |
| 040 | |aCaOODSP|beng |
| 041 | |aeng |
| 041 | |afre |
| 043 | |an-cn--- |
| 086 | 1 |aD2-349/2009-PDF |
| 110 | 1 |aCanada.|bDepartment of National Defence. |bOffice of the Judge Advocate General. |
| 245 | 10|aGuide for accused and assisting officers (bilingual) : |h[electronic resource]|bpre-trial proceedings at the summary trial level / |cissued on Authority of the Chief of the Defence Staff. |
| 260 | |aOttawa - Ontario : |bNational Defence. |c2009-10-06. |
| 300 | |a18p. |
| 500 | |a"Supersedes A-LG-050-000/AF-001 dated 2002-08-31"--Cover. |
| 590 | |a15-02-Supp|b2015-02-16 |
| 690 | 07|aArmed forces|2gcpds |
| 690 | 07|aMilitary law|2gcpds |
| 792 | |tGuide à l'intention des accusés et des officiers désignés pour les aider (bilingue) : |efre|w(CaOODSP)9.676778 |
| 856 | 40|ahttp://publications.gc.ca|qPDF|s418 KB|uhttps://publications.gc.ca/collections/collection_2014/mdn-dnd/D2-349-2009.pdf |
| 986 | |aA-LG-050-000/AF-001 |